<?xml version="1.0" encoding="UTF-8"?>
<record
    xmlns:xsi="http://www.w3.org/2001/XMLSchema-instance"
    xsi:schemaLocation="http://www.loc.gov/MARC21/slim http://www.loc.gov/standards/marcxml/schema/MARC21slim.xsd"
    xmlns="http://www.loc.gov/MARC21/slim">

  <leader>02810nam a2200241Ia 4500</leader>
  <controlfield tag="003">OSt</controlfield>
  <controlfield tag="005">20211004164826.0</controlfield>
  <controlfield tag="008">210310s1995    ck ad  gr     000 0 spa d</controlfield>
  <datafield tag="040" ind1=" " ind2=" ">
    <subfield code="a">CO-JMCR</subfield>
    <subfield code="c">CO-JMCR</subfield>
  </datafield>
  <datafield tag="041" ind1="0" ind2=" ">
    <subfield code="a">spa</subfield>
  </datafield>
  <datafield tag="082" ind1=" " ind2=" ">
    <subfield code="a">380.141373 / </subfield>
    <subfield code="2">23</subfield>
  </datafield>
  <datafield tag="110" ind1="2" ind2=" ">
    <subfield code="a">Asociaci&#xF3;n Nacional de Exportadores de Caf&#xE9; de Colombia. </subfield>
    <subfield code="b">Asamblea </subfield>
    <subfield code="n">(58a. :</subfield>
    <subfield code="d">1994 : </subfield>
    <subfield code="c">San Andr&#xE9;s)</subfield>
    <subfield code="9">40917</subfield>
  </datafield>
  <datafield tag="245" ind1="1" ind2="0">
    <subfield code="a">Prospectiva cafetera /</subfield>
    <subfield code="c">memoria de la LVIII asamblea de la asociaci&#xF3;n de exportadores de caf&#xE9; de Colombia ASOEXPORT /</subfield>
  </datafield>
  <datafield tag="260" ind1=" " ind2=" ">
    <subfield code="a">Bogot&#xE1; : </subfield>
    <subfield code="b">Asoexport,</subfield>
    <subfield code="c">1995.</subfield>
  </datafield>
  <datafield tag="300" ind1=" " ind2=" ">
    <subfield code="a">226 p&#xE1;ginas : </subfield>
    <subfield code="b">ilustraciones y gr&#xE1;ficas en blanco y negro ; </subfield>
    <subfield code="c">23 cm.</subfield>
  </datafield>
  <datafield tag="501" ind1=" " ind2=" ">
    <subfield code="a">Con: notas a pie de p&#xE1;gina.</subfield>
  </datafield>
  <datafield tag="505" ind1="0" ind2=" ">
    <subfield code="t">San Andr&#xE9;s, ideal para convenciones /</subfield>
    <subfield code="r">Sim&#xF3;n Gonz&#xE1;lez. -- </subfield>
    <subfield code="t">Reducir la incertidumbre en el negocio cafetero. /</subfield>
    <subfield code="r">Jorge E. Lozano Mancera. -- </subfield>
    <subfield code="t">Mensaje del Presidente de la Rep&#xFA;blica. / </subfield>
    <subfield code="r">Ernesto Samper Pizano. -- </subfield>
    <subfield code="t">Tendencias del consumo de caf&#xE9; a nivel mundial; retos y oportunidades frente al aumento en los precios. /</subfield>
    <subfield code="r">Peter Greenhalgh. --</subfield>
    <subfield code="t">Consumo actual de caf&#xE9; en Jap&#xF3;n y perspectivas. /</subfield>
    <subfield code="r">Sanae Yamada. -- </subfield>
    <subfield code="t">Consumo mundial de caf&#xE9;: una visi&#xF3;n al futuro. /</subfield>
    <subfield code="r">Nelson Osmar De Moraes. -- </subfield>
    <subfield code="t">El consumo de caf&#xE9;, los pa&#xED;ses productores y la cooperaci&#xF3;n internacional. /</subfield>
    <subfield code="r">Herbert de Sola. -- </subfield>
    <subfield code="t">Un buen caf&#xE9;: crecimiento seguro. /</subfield>
    <subfield code="r">Dave Olsen. --</subfield>
    <subfield code="t">La comercializaci&#xF3;n debe ser transparente. /</subfield>
    <subfield code="r">Guillermo Perry Rubio. -- </subfield>
    <subfield code="t">An&#xE1;lisis de la funci&#xF3;n de estabilizaci&#xF3;n del Fondo Nacional del Caf&#xE9; en Colombia: 1986-1994. /</subfield>
    <subfield code="r">Sergio Clavijo. -- </subfield>
    <subfield code="t">Pol&#xED;tica cafetera en un contexto de libre mercado y precios altos. /</subfield>
    <subfield code="r">Camilo Aldana. --</subfield>
    <subfield code="t">Estrategia para consolidar la industrializaci&#xF3;n del caf&#xE9; para exportaci&#xF3;n. /</subfield>
    <subfield code="r">Jorge Vivas Reyna. -- </subfield>
    <subfield code="t">Desarrollo comercial del caf&#xE9; en un pa&#xED;s industrializado. /</subfield>
    <subfield code="r">David Brown. -- </subfield>
    <subfield code="t">Estrategias del caf&#xE9; industrializado. /</subfield>
    <subfield code="r">Enrique Luque. -- </subfield>
    <subfield code="t">La econom&#xED;a cafetera y sus instituciones. /</subfield>
    <subfield code="r">La econom&#xED;a cafetera y sus instituciones. -- </subfield>
    <subfield code="t">Cifras y perspectivas de nuestra caficultura. /</subfield>
    <subfield code="r">John Naranjo. --</subfield>
    <subfield code="t">El papel clave de los exportadores. /</subfield>
    <subfield code="r">Gabriel Rosas Vega. --</subfield>
    <subfield code="t">La lucha contra la broca. /</subfield>
    <subfield code="r">Antonio Hern&#xE1;ndez Gamarra.</subfield>
  </datafield>
  <datafield tag="520" ind1="0" ind2=" ">
    <subfield code="a">Como quiera que el inter&#xE9;s o el deseo de los exportadores privados no es el de acaparar la operaci&#xF3;n comercial externa, sino actuar dentro de un r&#xE9;gimen reglado por normas iguales para todos, la figura de las comercializadoras auspiciadas por las cooperativas o la que constituya la propia Federaci&#xF3;n, se convierten en buenas opciones. Eso s&#xED;, en la medida que cumplan su misi&#xF3;n dentro de un r&#xE9;gimen igual para todos.</subfield>
  </datafield>
  <datafield tag="650" ind1="1" ind2="4">
    <subfield code="a">Prospectivas cafeteras.</subfield>
    <subfield code="z">Colombia</subfield>
    <subfield code="9">40918</subfield>
  </datafield>
  <datafield tag="650" ind1="2" ind2="4">
    <subfield code="z">Colombia</subfield>
    <subfield code="a">Comercializaci&#xF3;n cafetera.</subfield>
    <subfield code="9">40919</subfield>
  </datafield>
  <datafield tag="650" ind1="2" ind2="4">
    <subfield code="z">Tendencias del consumo </subfield>
    <subfield code="a">Colombia</subfield>
    <subfield code="9">40920</subfield>
  </datafield>
  <datafield tag="942" ind1=" " ind2=" ">
    <subfield code="2">ddc</subfield>
    <subfield code="c">BK</subfield>
  </datafield>
  <datafield tag="999" ind1=" " ind2=" ">
    <subfield code="c">12625</subfield>
    <subfield code="d">12625</subfield>
  </datafield>
  <datafield tag="952" ind1=" " ind2=" ">
    <subfield code="0">0</subfield>
    <subfield code="1">0</subfield>
    <subfield code="2">ddc</subfield>
    <subfield code="4">0</subfield>
    <subfield code="7">0</subfield>
    <subfield code="a">CPL</subfield>
    <subfield code="b">CPL</subfield>
    <subfield code="c">GEN</subfield>
    <subfield code="d">2018-04-15</subfield>
    <subfield code="e">Donaci&#xF3;n</subfield>
    <subfield code="o">380.141373 / </subfield>
    <subfield code="p">430005191</subfield>
    <subfield code="r">2024-05-16 00:00:00</subfield>
    <subfield code="t">Ej.1</subfield>
    <subfield code="w">2021-03-10</subfield>
    <subfield code="y">BK</subfield>
  </datafield>
</record>
